Spoločenská spotreba obyvateľstva východoslovenského kraja v roku 6. päťročnice priebežný výstup

Gespeichert in:
Bibliographische Detailangaben
Format: Buch
Sprache:Slowakisch
Veröffentlicht: Košice Ústav marxizmu-leninizmu UPJŠ 1983
Tags: Tag hinzufügen
Keine Tags, Fügen Sie das erste Tag hinzu!

MARC

LEADER 00000nam a2200000 4500
001 c116483
005 20181203150339.5
041 0 |a slo 
044 |a SK 
245 1 0 |a Spoločenská spotreba obyvateľstva východoslovenského kraja v roku 6. päťročnice  |b priebežný výstup 
264 1 |a Košice  |b Ústav marxizmu-leninizmu UPJŠ  |c 1983 
300 |a 86 s.